[Event "Iran Women Ch.2016"]
[Site "Tehran"]
[Date "2016.01.22"]
[Round "1.11"]
[White "Mahdian, Anousha"]
[Black "Afshar, Niusha"]
[Result "1/2-1/2"]
[BlackElo "1961"]
[WhiteElo "1811"]
[LiveChessVersion "1.4.7"]

1. c4 {[%clk 1:30:56]} Nf6 {[%clk 1:30:50]} 2. Nc3 {[%clk 1:31:15]} e6
{[%clk 1:30:49]} 3. e4 {[%clk 1:31:40]} d5 {[%clk 1:30:51]} 4. cxd5
{[%clk 1:32:04]} exd5 {[%clk 1:31:15]} 5. e5 {[%clk 1:32:27]} d4 {[%clk 1:31:21]}
6. exf6 {[%clk 1:32:50]} dxc3 {[%clk 1:31:47]} 7. Bb5+ {[%clk 1:33:13]} c6
{[%clk 1:30:34]} 8. Qe2+ {[%clk 1:33:36]} Be6 {[%clk 1:30:13]} 9. Bc4
{[%clk 1:34:02]} cxd2+ {[%clk 1:18:29]} 10. Bxd2 {[%clk 1:34:23]} Qxf6
{[%clk 1:18:46]} 11. Nf3 {[%clk 1:34:48]} Be7 {[%clk 1:12:33]} 12. O-O
{[%clk 1:09:35]} Bxc4 {[%clk 1:08:56]} 13. Qxc4 {[%clk 1:09:18]} O-O
{[%clk 0:58:03]} 14. Rfe1 {[%clk 0:50:58]} Qd6 {[%clk 0:52:35]} 15. Bf4
{[%clk 0:46:39]} Qb4 {[%clk 0:50:52]} 16. Qxb4 {[%clk 0:26:53]} Bxb4
{[%clk 0:51:06]} 17. Re4 {[%clk 0:27:19]} a5 {[%clk 0:46:27]} 18. a3
{[%clk 0:26:38]} Bc5 {[%clk 0:45:38]} 19. Rc1 {[%clk 0:26:11]} Nd7
{[%clk 0:40:20]} 20. Ree1 {[%clk 0:25:03]} b6 {[%clk 0:35:44]} 21. Red1
{[%clk 0:24:24]} Nf6 {[%clk 0:35:57]} 22. Bd6 {[%clk 0:24:39]} Rfd8
{[%clk 0:34:22]} 23. Bxc5 {[%clk 0:24:44]} bxc5 {[%clk 0:33:19]} 24. Ne5
{[%clk 0:24:07]} Rdb8 {[%clk 0:28:19]} 25. Nxc6 {[%clk 0:18:58]} Rxb2
{[%clk 0:28:11]} 26. Rxc5 {[%clk 0:17:30]} g6 {[%clk 0:19:45]} 27. Rxa5
{[%clk 0:15:09]} Rxa5 {[%clk 0:19:43]} 28. Nxa5 {[%clk 0:15:17]} Ra2
{[%clk 0:18:55]} 29. Nc4 {[%clk 0:14:48]} Rc2 {[%clk 0:18:15]} 30. Nd6
{[%clk 0:12:14]} Ra2 {[%clk 0:17:53]} 31. Nb5 {[%clk 0:12:14]} Rb2
{[%clk 0:17:39]} 32. a4 {[%clk 0:09:30]} Ne4 {[%clk 0:14:09]} 33. f3
{[%clk 0:08:02]} Nc5 {[%clk 0:14:21]} 34. Nc3 {[%clk 0:06:04]} Rc2
{[%clk 0:13:48]} 35. Ne4 {[%clk 0:05:37]} 1/2-1/2

[Event "Iran Women Ch.2016"]
[Site "Tehran"]
[Date "2016.01.22"]
[Round "1.12"]
[White "Kalantari, Sedigheh"]
[Black "Khachatourians, Teni"]
[Result "0-1"]
[BlackElo "1771"]
[WhiteElo "1958"]
[LiveChessVersion "1.4.7"]

1. e4 c6 2. d4 d5 3. Nd2 dxe4 4. Nxe4 Bf5 5. Ng3 Bg6 6. h4 h6 7. h5 Bh7 8. Nf3
Qa5+ 9. c3 Nd7 10. Bd3 Bxd3 11. Qxd3 Ngf6 12. Bd2 e6 13. c4 Bb4 14. Qb3 Bxd2+ 15.
Nxd2 O-O 16. O-O-O c5 17. Nde4 b5 18. dxc5 bxc4 19. Qxc4 Rfc8 20. Kb1 Nxe4 21.
Nxe4 Nxc5 22. Nd6 Rcb8 23. Rh4 Qb6 24. b3 a5 25. Ka1 Ra7 26. Rhd4 Rc7 27. Qe2
Nxb3+ 28. axb3 Qxb3 29. Nb5 Rxb5 30. Rd8+ Kh7 31. Qd3+ Qxd3 32. R8xd3 Rxh5 33.
Ra3 Rc2 0-1

[Event "Iran Women Ch.2016"]
[Site "Tehran"]
[Date "2016.01.17"]
[Round "2.1"]
[White "Khademalsharieh, Sarasadat"]
[Black "Alinasab, Mobina"]
[Result "1-0"]
[BlackElo "2112"]
[WhiteElo "2392"]
[LiveChessVersion "1.4.7"]

1. d4 {[%clk 1:23:20]} e6 {[%clk 1:30:53]} 2. c4 {[%clk 1:23:40]} Nf6
{[%clk 1:31:17]} 3. Nf3 {[%clk 1:24:05]} Bb4+ {[%clk 1:31:42]} 4. Nbd2
{[%clk 1:24:29]} b6 {[%clk 1:32:04]} 5. g3 {[%clk 1:24:25]} Bb7 {[%clk 1:30:52]}
6. Bg2 {[%clk 1:24:48]} Bxd2+ 7. Qxd2 {[%clk 1:25:11]} O-O {[%clk 1:27:50]} 8.
O-O {[%clk 1:25:36]} d6 {[%clk 1:27:07]} 9. b3 {[%clk 1:25:00]} Nbd7
{[%clk 1:27:12]} 10. Bb2 {[%clk 1:24:53]} Qe7 {[%clk 1:26:17]} 11. Rfd1
{[%clk 1:24:09]} Rfe8 {[%clk 1:22:25]} 12. Rac1 {[%clk 1:22:08]} a5
{[%clk 1:17:43]} 13. a3 {[%clk 1:15:40]} Rad8 {[%clk 1:06:48]} 14. b4
{[%clk 1:12:36]} axb4 {[%clk 1:04:25]} 15. axb4 {[%clk 1:13:01]} Be4
{[%clk 0:57:29]} 16. b5 {[%clk 1:03:20]} Ra8 {[%clk 0:52:58]} 17. Qc3
{[%clk 1:03:06]} Ra2 {[%clk 0:48:27]} 18. Ra1 {[%clk 0:41:50]} Rxa1
{[%clk 0:42:56]} 19. Rxa1 {[%clk 0:41:38]} Ra8 {[%clk 0:43:00]} 20. Rc1
{[%clk 0:38:37]} Qd8 {[%clk 0:41:08]} 21. Bh3 {[%clk 0:36:14]} Ra2
{[%clk 0:31:50]} 22. Nd2 {[%clk 0:34:51]} Bb7 {[%clk 0:28:11]} 23. f3
{[%clk 0:34:41]} Qa8 {[%clk 0:27:06]} 24. Nb3 {[%clk 0:34:09]} e5
{[%clk 0:19:46]} 25. d5 {[%clk 0:28:06]} Nc5 {[%clk 0:15:31]} 26. Nxc5
{[%clk 0:28:08]} bxc5 {[%clk 0:15:58]} 27. Bf5 {[%clk 0:25:48]} Bc8
{[%clk 0:15:04]} 28. Bb1 {[%clk 0:26:04]} Ra7 {[%clk 0:14:29]} 29. Qd2
{[%clk 0:25:44]} Nd7 {[%clk 0:13:13]} 30. f4 {[%clk 0:24:37]} exf4
{[%clk 0:10:23]} 31. gxf4 {[%clk 0:23:07]} Bb7 {[%clk 0:06:48]} 32. Qd3
{[%clk 0:20:44]} g6 {[%clk 0:05:18]} 33. Qc3 {[%clk 0:17:51]} f6 {[%clk 0:05:40]}
34. Kf2 {[%clk 0:16:28]} Qd8 {[%clk 0:03:10]} 35. Rg1 {[%clk 0:16:26]} Kf7
{[%clk 0:03:33]} 36. Qh3 {[%clk 0:15:59]} Nf8 {[%clk 0:01:15]} 37. f5
{[%clk 0:16:04]} Kg7 {[%clk 0:00:40]} 38. fxg6 {[%clk 0:15:14]} hxg6
{[%clk 0:00:55]} 39. Bxg6 {[%clk 0:14:26]} Nxg6 {[%clk 0:01:18]} 40. Qf5
{[%clk 0:14:54]} Bc8 1-0

[Event "Iran Women Ch.2016"]
[Site "Tehran"]
[Date "2016.01.17"]
[Round "2.2"]
[White "Lotfi, Aylar"]
[Black "Hejazipour, Mitra"]
[Result "0-1"]
[BlackElo "2357"]
[WhiteElo "1973"]
[LiveChessVersion "1.4.7"]

1. c4 e5 2. Nc3 Nf6 3. g3 Nc6 4. Bg2 Bb4 5. Nd5 a5 6. e3 O-O 7. Ne2 Re8 8. a3 Bc5
9. Nec3 d6 10. O-O Nxd5 11. Nxd5 Bf5 12. d3 Qd7 13. b3 Nd8 14. Bb2 c6 15. Nc3 Ne6
16. h4 h6 17. Qd2 Qd8 18. Ne2 Bb6 19. d4 exd4 20. Nxd4 Nxd4 21. Bxd4 Be4 22. Qb2
f6 23. Rad1 Bc7 24. b4 axb4 25. axb4 Qd7 26. Ra1 d5 27. cxd5 Bxg2 28. Kxg2 Qxd5+
29. Kg1 Bd6 30. Rfd1 Qe6 31. Ra3 Qc4 32. Rb3 Red8 33. Rc1 Qd5 34. Ra3 Rxa3 35.
Qxa3 Qb5 36. Rb1 Kf8 37. Qb3 Ra8 38. Bc3 Ra4 39. Qb2 Ke7 40. Qc2 Ra3 41. Qe4+ Kf7
42. Be1 Rd3 43. Qg4 Be5 44. Qh5+ Kf8 45. Qg4 Rd8 46. Qe4 Qe2 47. b5 Rd1 48. Rxd1
Qxd1 49. Qb4+ Bd6 50. Qa5 cxb5 51. Kh2 Kf7 52. Bc3 Qd5 53. Qb6 Qc6 54. Qa5 Qc4
55. Bd4 b4 56. Qa8 Qd5 57. Qc8 b3 58. Qd7+ Kg8 59. Qe8+ Kh7 60. h5 Qf5 61. e4 Qg4
62. Qf7 Be5 63. Bxe5 fxe5 64. Qxb3 Qxe4 65. Kg1 Qc6 66. Qd3+ e4 67. Qd4 b5 68.
Qe5 b4 69. Qf5+ Kg8 70. Qf4 Qb7 71. Qe5 Kf8 72. Qd6+ Ke8 73. Qe6+ Kf8 74. Qd6+
Kf7 75. Qg6+ Kf8 76. Qd6+ Qe7 77. Qb8+ Kf7 78. Qf4+ Kg8 79. Qb8+ Kh7 80. Qb5 Qf8
81. Qb7 Kh8 82. Qxe4 Qb8 83. Qc2 b3 84. Qb2 Qb5 85. Kg2 Qc6+ 86. Kf1 Qc2 87. Qa3
b2 0-1

[Event "Iran Women Ch.2016"]
[Site "Tehran"]
[Date "2016.01.17"]
[Round "2.3"]
[White "Pourkashiyan, Atousa"]
[Black "Zahedifar, Anahita"]
[Result "1-0"]
[BlackElo "1982"]
[WhiteElo "2338"]
[LiveChessVersion "1.4.7"]

1. e4 c6 2. d4 d5 3. e5 Bf5 4. Nc3 e6 5. g4 {[%clk 1:18:13]} Bg6 {[%clk 1:32:07]}
6. Nge2 {[%clk 1:18:40]} c5 {[%clk 1:31:11]} 7. h4 {[%clk 1:18:29]} h5
{[%clk 1:30:59]} 8. Nf4 {[%clk 1:18:32]} Bh7 {[%clk 1:30:46]} 9. Nxh5
{[%clk 1:17:57]} cxd4 {[%clk 1:30:45]} 10. Nb5 {[%clk 1:16:47]} Nc6
{[%clk 1:29:10]} 11. Nxd4 {[%clk 1:16:21]} Nge7 {[%clk 1:28:25]} 12. c3
{[%clk 1:15:50]} Nxe5 {[%clk 1:21:16]} 13. Bb5+ {[%clk 1:10:12]} N5c6
{[%clk 1:19:38]} 14. Bg5 {[%clk 1:08:13]} Qc7 {[%clk 1:10:07]} 15. Qa4
{[%clk 0:37:14]} Kd7 {[%clk 1:00:49]} 16. O-O-O {[%clk 0:31:23]} f6
{[%clk 0:56:57]} 17. Be3 {[%clk 0:22:41]} Bg8 {[%clk 0:42:19]} 18. Kb1
{[%clk 0:19:19]} Nc8 {[%clk 0:40:59]} 19. c4 {[%clk 0:09:07]} Nb6
{[%clk 0:37:24]} 20. Qb3 {[%clk 0:09:34]} Bd6 {[%clk 0:31:34]} 21. c5
{[%clk 0:04:50]} Bxc5 {[%clk 0:31:17]} 22. Nxe6 {[%clk 0:03:35]} Bxe6
{[%clk 0:31:20]} 23. Bxc5 {[%clk 0:04:03]} Bxg4 {[%clk 0:26:24]} 24. Rdg1
{[%clk 0:02:30]} Qe5 {[%clk 0:22:58]} 25. Nxg7 {[%clk 0:01:34]} f5
{[%clk 0:21:45]} 26. f3 {[%clk 0:01:27]} Qxg7 {[%clk 0:21:50]} 27. fxg4
{[%clk 0:01:44]} fxg4 {[%clk 0:21:38]} 28. Ka1 {[%clk 0:01:25]} Rad8
{[%clk 0:19:52]} 29. Be2 {[%clk 0:00:42]} Ne5 {[%clk 0:18:32]} 30. Bxb6
{[%clk 0:00:41]} axb6 {[%clk 0:18:54]} 31. Qxb6 {[%clk 0:00:43]} Kc8
{[%clk 0:17:45]} 32. Qa7 {[%clk 0:00:55]} Rd6 {[%clk 0:16:40]} 33. Bxg4+
{[%clk 0:00:34]} Nxg4 {[%clk 0:15:41]} 34. Rc1+ {[%clk 0:00:46]} Kd8
{[%clk 0:15:56]} 35. Rhe1 {[%clk 0:00:32]} Ne5 {[%clk 0:15:45]} 36. Qb8+
{[%clk 0:00:43]} Ke7 {[%clk 0:16:01]} 37. Qc7+ {[%clk 0:00:42]} Rd7
{[%clk 0:15:42]} 38. Rxe5+ {[%clk 0:01:07]} Kf8 {[%clk 0:15:40]} 39. Qc8+
{[%clk 0:01:27]} 1-0

[Event "Iran Women Ch.2016"]
[Site "Tehran"]
[Date "2016.01.17"]
[Round "2.4"]
[White "Hashemi, Seyede Fatemeh"]
[Black "Hakimifard, Ghazal"]
[Result "1/2-1/2"]
[BlackElo "2181"]
[WhiteElo "1812"]
[LiveChessVersion "1.4.7"]

1. e4 {[%clk 1:30:37]} e5 {[%clk 1:30:46]} 2. Nc3 {[%clk 1:30:40]} Nf6
{[%clk 1:30:41]} 3. g3 {[%clk 1:30:19]} Bc5 {[%clk 1:27:40]} 4. Bg2
{[%clk 1:29:27]} O-O {[%clk 1:27:05]} 5. Nge2 {[%clk 1:27:39]} Nc6
{[%clk 1:24:46]} 6. d3 {[%clk 1:24:30]} a6 {[%clk 1:20:52]} 7. O-O
{[%clk 1:18:29]} d6 {[%clk 1:19:52]} 8. Bg5 {[%clk 1:15:21]} h6 {[%clk 1:17:10]}
9. Bxf6 {[%clk 1:11:26]} Qxf6 {[%clk 1:16:08]} 10. Nd5 {[%clk 1:11:30]} Qd8
{[%clk 1:16:34]} 11. c3 {[%clk 1:11:19]} Ba7 {[%clk 1:14:39]} 12. d4
{[%clk 1:07:48]} exd4 {[%clk 1:04:55]} 13. cxd4 {[%clk 1:05:09]} Bg4
{[%clk 1:03:32]} 14. f3 {[%clk 1:01:05]} Be6 {[%clk 1:03:49]} 15. Kh1
{[%clk 0:51:19]} Bxd5 {[%clk 1:01:33]} 16. exd5 {[%clk 0:51:33]} Ne7
{[%clk 1:01:52]} 17. f4 {[%clk 0:46:15]} Nf5 {[%clk 0:58:52]} 18. Qd3
{[%clk 0:45:08]} Qf6 {[%clk 0:57:19]} 19. Rad1 {[%clk 0:43:29]} h5
{[%clk 0:52:37]} 20. Be4 {[%clk 0:37:55]} g6 {[%clk 0:51:41]} 21. g4
{[%clk 0:31:28]} hxg4 {[%clk 0:49:16]} 22. Bxf5 {[%clk 0:28:27]} Qxf5
{[%clk 0:49:41]} 23. Qxf5 {[%clk 0:27:57]} gxf5 {[%clk 0:50:10]} 24. Ng3
{[%clk 0:27:07]} Kg7 {[%clk 0:46:38]} 25. Nxf5+ {[%clk 0:23:42]} Kg6
{[%clk 0:46:43]} 26. Ng3 {[%clk 0:21:52]} f5 {[%clk 0:41:13]} 27. Rfe1
{[%clk 0:16:00]} Rae8 {[%clk 0:40:49]} 28. Re6+ {[%clk 0:15:02]} Rxe6
{[%clk 0:40:19]} 29. dxe6 {[%clk 0:15:24]} d5 {[%clk 0:40:41]} 30. Re1
{[%clk 0:10:34]} Bxd4 {[%clk 0:38:55]} 31. e7 {[%clk 0:09:40]} Re8
{[%clk 0:39:22]} 32. Re6+ {[%clk 0:09:23]} Kf7 {[%clk 0:35:26]} 33. Rh6
{[%clk 0:07:20]} Rxe7 {[%clk 0:33:25]} 34. Rh7+ {[%clk 0:07:18]} Bg7
{[%clk 0:33:48]} 35. Nxf5 {[%clk 0:06:21]} Kg6 {[%clk 0:33:48]} 36. Nxe7+
{[%clk 0:06:16]} Kxh7 {[%clk 0:34:16]} 37. Nxd5 {[%clk 0:05:55]} c6
{[%clk 0:32:08]} 38. Ne3 {[%clk 0:05:18]} Bxb2 {[%clk 0:30:10]} 39. Nxg4
{[%clk 0:05:26]} c5 {[%clk 0:24:09]} 40. Kg2 {[%clk 0:03:56]} b5 {[%clk 0:20:06]}
41. Kf3 {[%clk 0:04:04]} a5 {[%clk 0:20:13]} 42. Ke4 {[%clk 0:03:12]} a4
{[%clk 0:19:08]} 43. Ne3 {[%clk 0:01:33]} Bd4 {[%clk 0:14:11]} 44. Nc2
{[%clk 0:01:10]} Bf2 {[%clk 0:12:06]} 45. Kd5 {[%clk 0:01:02]} b4
{[%clk 0:12:16]} 46. Kc4 {[%clk 0:01:10]} Kg6 {[%clk 0:10:05]} 47. Nxb4
{[%clk 0:01:27]} cxb4 {[%clk 0:10:31]} 48. Kxb4 {[%clk 0:01:52]} Kf5
{[%clk 0:10:58]} 49. Kxa4 {[%clk 0:01:59]} Kxf4 {[%clk 0:11:27]} 50. Kb5
{[%clk 0:01:54]} Kg4 {[%clk 0:11:53]} 51. a4 {[%clk 0:01:49]} 1/2-1/2

[Event "Iran Women Ch.2016"]
[Site "Tehran"]
[Date "2016.01.17"]
[Round "2.5"]
[White "Asgarizadeh, Minoo"]
[Black "Asadi, Motahare"]
[Result "1-0"]
[BlackElo "1833"]
[WhiteElo "2167"]
[LiveChessVersion "1.4.7"]

1. e4 {[%clk 1:30:54]} c5 {[%clk 1:29:20]} 2. Nf3 {[%clk 1:31:05]} e6
{[%clk 1:29:43]} 3. d4 {[%clk 1:31:27]} cxd4 4. Nxd4 {[%clk 1:31:52]} Nc6
{[%clk 1:30:30]} 5. Nb5 {[%clk 1:26:51]} d6 {[%clk 1:30:51]} 6. c4
{[%clk 1:27:14]} a6 {[%clk 1:25:55]} 7. N5c3 {[%clk 1:25:20]} Nf6
{[%clk 1:25:59]} 8. Be2 {[%clk 1:25:41]} Be7 {[%clk 1:25:01]} 9. O-O
{[%clk 1:26:03]} O-O {[%clk 1:14:17]} 10. Be3 {[%clk 1:19:40]} Qc7
{[%clk 0:53:19]} 11. Na3 {[%clk 1:17:59]} Nd7 {[%clk 0:38:13]} 12. Rc1
{[%clk 1:17:06]} Nc5 {[%clk 0:38:16]} 13. Nc2 {[%clk 1:16:34]} Bf6
{[%clk 0:36:52]} 14. Nd4 {[%clk 1:06:03]} Rd8 {[%clk 0:28:52]} 15. f4
{[%clk 1:01:58]} b6 {[%clk 0:20:42]} 16. Nxc6 {[%clk 0:56:03]} Qxc6
{[%clk 0:21:04]} 17. Bf3 {[%clk 0:56:23]} Bxc3 {[%clk 0:20:16]} 18. e5
{[%clk 0:55:10]} Ne4 {[%clk 0:19:36]} 19. Rxc3 {[%clk 0:45:37]} Nxc3
{[%clk 0:16:43]} 20. Bxc6 {[%clk 0:45:58]} Nxd1 {[%clk 0:16:46]} 21. Bxb6
{[%clk 0:46:23]} Nxb2 {[%clk 0:06:53]} 22. Bxa8 {[%clk 0:42:57]} Rf8
{[%clk 0:06:24]} 23. exd6 {[%clk 0:42:46]} Nxc4 {[%clk 0:06:43]} 24. Bc7
{[%clk 0:42:47]} Bd7 {[%clk 0:07:04]} 25. Bb7 {[%clk 0:43:01]} Ne3
{[%clk 0:05:18]} 26. Rc1 {[%clk 0:39:06]} Nd5 {[%clk 0:04:32]} 27. Bc6
{[%clk 0:36:49]} Nf6 {[%clk 0:01:31]} 28. Bxd7 {[%clk 0:33:45]} Nxd7
{[%clk 0:01:50]} 29. Ba5 {[%clk 0:34:10]} h6 {[%clk 0:01:12]} 30. Rc7
{[%clk 0:34:34]} Nf6 {[%clk 0:01:32]} 31. Ra7 {[%clk 0:33:33]} Rb8
{[%clk 0:01:17]} 32. d7 {[%clk 0:29:23]} Rb1+ {[%clk 0:01:36]} 33. Kf2
{[%clk 0:29:38]} Rb2+ {[%clk 0:01:58]} 34. Kf3 {[%clk 0:29:53]} Nxd7
{[%clk 0:02:21]} 35. Rxd7 {[%clk 0:30:15]} Rxa2 {[%clk 0:02:47]} 36. Bb6
{[%clk 0:28:25]} Ra3+ {[%clk 0:02:47]} 37. Be3 {[%clk 0:23:02]} a5
{[%clk 0:02:34]} 38. g4 {[%clk 0:23:26]} f5 {[%clk 0:02:27]} 39. h3
{[%clk 0:20:27]} g5 {[%clk 0:02:32]} 40. Re7 {[%clk 0:20:16]} gxf4
{[%clk 0:01:10]} 41. Kxf4 {[%clk 0:20:35]} Ra4+ {[%clk 0:01:35]} 42. Kf3
{[%clk 0:19:50]} h5 {[%clk 0:01:58]} 43. g5 {[%clk 0:18:37]} Re4 {[%clk 0:02:15]}
44. g6 {[%clk 0:18:32]} Kf8 {[%clk 0:01:16]} 45. g7+ {[%clk 0:18:38]} 1-0

[Event "Iran Women Ch.2016"]
[Site "Tehran"]
[Date "2016.01.17"]
[Round "2.6"]
[White "Khachatourians, Teni"]
[Black "Mahdian, Anousha"]
[Result "0-1"]
[BlackElo "1811"]
[WhiteElo "1771"]
[LiveChessVersion "1.4.7"]

1. e4 {[%clk 1:22:18]} e5 {[%clk 1:30:56]} 2. Bc4 {[%clk 1:22:35]} Nc6
{[%clk 1:30:41]} 3. Nc3 {[%clk 1:22:32]} Nf6 {[%clk 1:28:27]} 4. d3
{[%clk 1:21:45]} h6 {[%clk 1:26:13]} 5. Be3 {[%clk 1:19:27]} Bb4 {[%clk 1:25:39]}
6. a3 {[%clk 1:16:41]} Bxc3+ {[%clk 1:24:53]} 7. bxc3 {[%clk 1:16:45]} O-O
{[%clk 1:23:33]} 8. Qf3 {[%clk 1:11:11]} d6 {[%clk 1:17:25]} 9. Ne2
{[%clk 0:59:07]} Bg4 {[%clk 0:45:30]} 10. Qg3 {[%clk 0:59:08]} Bxe2
{[%clk 0:44:09]} 11. Kxe2 {[%clk 0:57:21]} Kh7 {[%clk 0:39:38]} 12. Qf3
{[%clk 0:50:18]} Qd7 {[%clk 0:33:56]} 13. h3 {[%clk 0:48:47]} Ng8
{[%clk 0:31:14]} 14. g4 {[%clk 0:41:39]} g6 {[%clk 0:29:28]} 15. h4
{[%clk 0:39:31]} Rae8 {[%clk 0:20:30]} 16. Rag1 {[%clk 0:34:12]} Nd8
{[%clk 0:16:52]} 17. Qg3 {[%clk 0:19:56]} Ne6 {[%clk 0:15:03]} 18. Kd2
{[%clk 0:19:02]} b5 {[%clk 0:13:00]} 19. Ba2 {[%clk 0:18:38]} a5 {[%clk 0:12:35]}
20. Bxh6 {[%clk 0:13:53]} Kxh6 {[%clk 0:08:30]} 21. g5+ {[%clk 0:13:57]} Kg7
{[%clk 0:08:51]} 22. h5 {[%clk 0:13:56]} Ne7 {[%clk 0:03:28]} 23. hxg6
{[%clk 0:10:41]} Nxg6 {[%clk 0:03:53]} 24. Rh7+ {[%clk 0:02:08]} Kxh7
{[%clk 0:04:18]} 25. Qh3+ {[%clk 0:02:23]} Kg8 {[%clk 0:04:01]} 26. Rh1
{[%clk 0:01:29]} f6 {[%clk 0:03:10]} 27. Qf5 {[%clk 0:01:07]} Qf7
{[%clk 0:02:42]} 28. Rh6 {[%clk 0:00:52]} Kg7 {[%clk 0:01:52]} 29. Bd5
{[%clk 0:00:40]} fxg5 {[%clk 0:01:46]} 30. Qh3 {[%clk 0:00:42]} Qxf2+
{[%clk 0:02:05]} 31. Kc1 {[%clk 0:00:53]} Qf1+ {[%clk 0:02:31]} 0-1

[Event "Iran Women Ch.2016"]
[Site "Tehran"]
[Date "2016.01.17"]
[Round "2.7"]
[White "Afshar, Niusha"]
[Black "Karimi, Yeganeh"]
[Result "0-1"]
[BlackElo "1971"]
[WhiteElo "1961"]
[LiveChessVersion "1.4.7"]

1. e4 {[%clk 1:30:21]} e6 {[%clk 1:30:59]} 2. Nf3 {[%clk 1:30:33]} d5
{[%clk 1:25:20]} 3. Nc3 {[%clk 1:30:44]} c5 {[%clk 1:24:15]} 4. exd5
{[%clk 1:27:43]} exd5 {[%clk 1:24:38]} 5. Bb5+ {[%clk 1:24:16]} Nc6
{[%clk 1:21:26]} 6. Ne5 {[%clk 1:17:29]} Qd6 {[%clk 1:13:22]} 7. Qe2
{[%clk 1:10:38]} Be6 {[%clk 1:00:10]} 8. d3 {[%clk 1:08:04]} Rc8 {[%clk 0:59:36]}
9. Bf4 {[%clk 1:02:31]} Qd8 {[%clk 0:59:44]} 10. Nxc6 {[%clk 0:38:43]} bxc6
{[%clk 0:58:31]} 11. Ba6 {[%clk 0:38:57]} Rb8 {[%clk 0:53:53]} 12. Bxb8
{[%clk 0:38:20]} Qxb8 {[%clk 0:54:22]} 13. O-O {[%clk 0:31:04]} Bd6
{[%clk 0:37:42]} 14. h3 {[%clk 0:27:34]} Ne7 {[%clk 0:32:00]} 15. d4
{[%clk 0:25:08]} c4 {[%clk 0:29:29]} 16. b3 {[%clk 0:16:36]} Qb6 {[%clk 0:28:20]}
17. bxc4 {[%clk 0:16:43]} Qxa6 {[%clk 0:28:37]} 18. c5 {[%clk 0:16:37]} Qxe2
{[%clk 0:29:04]} 19. Nxe2 {[%clk 0:17:02]} Bc7 {[%clk 0:26:44]} 20. Rab1
{[%clk 0:17:07]} Bc8 {[%clk 0:26:47]} 21. Rfe1 {[%clk 0:15:49]} Kd8
{[%clk 0:22:57]} 22. Nc1 {[%clk 0:14:57]} Nf5 {[%clk 0:22:10]} 23. c3
{[%clk 0:14:47]} Ba5 {[%clk 0:20:02]} 24. Ne2 {[%clk 0:13:37]} Re8
{[%clk 0:18:36]} 25. g4 {[%clk 0:13:24]} Nh4 {[%clk 0:18:43]} 26. Kf1
{[%clk 0:12:58]} Kc7 {[%clk 0:16:43]} 27. f4 {[%clk 0:07:59]} Nf3
{[%clk 0:14:31]} 28. Red1 {[%clk 0:08:19]} Ba6 {[%clk 0:14:29]} 29. Rb2
{[%clk 0:07:31]} Bxc3 {[%clk 0:13:44]} 30. Rc2 {[%clk 0:07:38]} Nxd4
{[%clk 0:10:34]} 31. Rxc3 {[%clk 0:06:53]} Bxe2+ {[%clk 0:10:33]} 32. Ke1
{[%clk 0:07:16]} Nf3+ {[%clk 0:09:15]} 0-1

[Event "Iran Women Ch.2016"]
[Site "Tehran"]
[Date "2016.01.17"]
[Round "2.8"]
[White "Hakimifard, Raana"]
[Black "Mobarhani, Nazanin"]
[Result "1-0"]
[BlackElo "1856"]
[WhiteElo "2073"]
[LiveChessVersion "1.4.7"]

1. e4 {[%clk 1:30:58]} c5 {[%clk 1:30:48]} 2. Nf3 {[%clk 1:31:20]} d6
{[%clk 1:31:12]} 3. d4 {[%clk 1:31:16]} cxd4 {[%clk 1:31:37]} 4. Nxd4
{[%clk 1:31:42]} Nf6 {[%clk 1:32:03]} 5. Nc3 {[%clk 1:32:02]} g6 {[%clk 1:32:28]}
6. Be3 {[%clk 1:25:00]} Bg7 {[%clk 1:32:52]} 7. Be2 {[%clk 1:24:49]} O-O
{[%clk 1:33:07]} 8. O-O {[%clk 1:25:13]} Nc6 {[%clk 1:32:48]} 9. Kh1
{[%clk 1:23:07]} a5 {[%clk 1:32:04]} 10. f4 {[%clk 1:18:39]} Qb6 {[%clk 1:28:26]}
11. Nxc6 {[%clk 0:57:11]} Qxc6 {[%clk 1:25:30]} 12. e5 {[%clk 0:45:48]} dxe5
{[%clk 1:20:22]} 13. fxe5 {[%clk 0:44:22]} Ne8 {[%clk 1:03:15]} 14. Nd5
{[%clk 0:32:58]} Qe6 {[%clk 1:02:58]} 15. Bc4 {[%clk 0:31:09]} Qxe5
{[%clk 0:42:42]} 16. Bf4 {[%clk 0:23:51]} Qe4 {[%clk 0:42:57]} 17. Nb6
{[%clk 0:22:34]} e5 {[%clk 0:42:10]} 18. Bg5 {[%clk 0:12:46]} Rb8
{[%clk 0:19:53]} 19. Be7 {[%clk 0:10:22]} Qc6 {[%clk 0:19:52]} 20. Bxf8
{[%clk 0:10:21]} Bxf8 {[%clk 0:19:33]} 21. Bxf7+ {[%clk 0:09:31]} Kg7
{[%clk 0:19:54]} 22. Nxc8 {[%clk 0:09:06]} Qxc8 {[%clk 0:19:28]} 23. Qf3
{[%clk 0:06:55]} Be7 {[%clk 0:18:32]} 24. Bxe8 {[%clk 0:06:46]} Qxe8
{[%clk 0:18:55]} 25. Rae1 {[%clk 0:06:58]} Qd7 {[%clk 0:15:35]} 26. Qf7+
{[%clk 0:06:27]} Kh8 {[%clk 0:16:03]} 27. Rd1 {[%clk 0:06:45]} Qc7
{[%clk 0:15:32]} 28. Qe6 {[%clk 0:06:17]} Rf8 {[%clk 0:13:02]} 29. Rxf8+
{[%clk 0:05:48]} Bxf8 {[%clk 0:13:27]} 30. Rd7 {[%clk 0:05:37]} Qc6
{[%clk 0:12:15]} 31. Qxe5+ {[%clk 0:05:52]} Kg8 {[%clk 0:12:14]} 32. Qd5+
{[%clk 0:06:16]} Qxd5 {[%clk 0:12:25]} 33. Rxd5 {[%clk 0:06:42]} b6
{[%clk 0:12:44]} 34. a3 {[%clk 0:06:48]} h6 {[%clk 0:10:27]} 35. c3
{[%clk 0:07:04]} Kf7 {[%clk 0:10:31]} 36. b4 {[%clk 0:07:13]} axb4
{[%clk 0:10:48]} 37. cxb4 {[%clk 0:07:38]} Be7 {[%clk 0:10:12]} 38. Kg1
{[%clk 0:07:30]} Ke6 {[%clk 0:10:32]} 39. Rd3 {[%clk 0:07:56]} Bf6
{[%clk 0:09:32]} 40. Kf2 {[%clk 0:08:15]} Ke5 {[%clk 0:09:48]} 41. Ke2
{[%clk 0:08:37]} h5 {[%clk 0:08:50]} 42. a4 1-0

[Event "Iran Women Ch.2016"]
[Site "Tehran"]
[Date "2016.01.17"]
[Round "2.9"]
[White "Ghazizadeh, Asana"]
[Black "Kalantari, Sedigheh"]
[Result "0-1"]
[BlackElo "1958"]
[WhiteElo "1864"]
[LiveChessVersion "1.4.7"]

1. d4 {[%clk 1:27:32]} Nf6 {[%clk 1:30:45]} 2. c4 {[%clk 1:27:58]} e6
{[%clk 1:31:10]} 3. Nc3 {[%clk 1:28:24]} Bb4 {[%clk 1:31:36]} 4. f3
{[%clk 1:28:46]} d5 {[%clk 1:24:31]} 5. a3 {[%clk 1:28:01]} Bxc3+ 6. bxc3
{[%clk 1:28:26]} c5 {[%clk 1:16:03]} 7. cxd5 {[%clk 1:27:52]} Nxd5
{[%clk 1:13:12]} 8. dxc5 {[%clk 1:27:40]} O-O {[%clk 1:08:54]} 9. e4
{[%clk 1:21:00]} Nf6 {[%clk 0:55:14]} 10. Be3 {[%clk 1:16:34]} Qa5
{[%clk 0:52:53]} 11. Kf2 {[%clk 1:07:38]} Qxc3 {[%clk 0:48:35]} 12. Ne2
{[%clk 0:57:10]} Qa5 {[%clk 0:45:39]} 13. Nd4 {[%clk 0:55:01]} Rd8
{[%clk 0:41:17]} 14. Qc2 {[%clk 0:52:23]} Bd7 {[%clk 0:37:10]} 15. g4
{[%clk 0:45:46]} Ba4 {[%clk 0:36:11]} 16. Qb2 {[%clk 0:43:16]} Nc6
{[%clk 0:35:08]} 17. Nxc6 {[%clk 0:33:04]} Bxc6 {[%clk 0:33:18]} 18. Be2
{[%clk 0:30:27]} Qc7 {[%clk 0:31:00]} 19. g5 {[%clk 0:25:39]} Nd7
{[%clk 0:27:53]} 20. Rad1 {[%clk 0:23:45]} Nf8 {[%clk 0:15:29]} 21. Bd4
{[%clk 0:20:42]} Qf4 {[%clk 0:13:05]} 22. Rdg1 {[%clk 0:13:46]} Qh4+
{[%clk 0:11:05]} 23. Rg3 {[%clk 0:12:07]} e5 {[%clk 0:09:22]} 24. Bxe5
{[%clk 0:11:15]} Ne6 {[%clk 0:09:18]} 25. Ke3 {[%clk 0:06:37]} Rd7
{[%clk 0:04:59]} 26. Rg4 {[%clk 0:05:19]} Qh3 {[%clk 0:05:00]} 27. Rg3
{[%clk 0:05:22]} Qh4 {[%clk 0:05:22]} 28. Rg4 {[%clk 0:05:47]} Qh3
{[%clk 0:05:02]} 29. Rhg1 {[%clk 0:02:53]} Rad8 {[%clk 0:03:11]} 30. R4g3
{[%clk 0:01:37]} Qh4 {[%clk 0:01:26]} 31. Rg4 {[%clk 0:01:54]} Qh5
{[%clk 0:01:55]} 32. f4 {[%clk 0:01:38]} Nxc5 {[%clk 0:02:05]} 33. R4g2
{[%clk 0:01:29]} Rd3+ {[%clk 0:02:09]} 34. Kf2 {[%clk 0:00:46]} Nxe4+
{[%clk 0:02:37]} 35. Kf1 {[%clk 0:00:38]} Rd1+ {[%clk 0:03:05]} 0-1